The image of the city / (Record no. 12824)

000 -LEADER
fixed length control field 00691cam a2200205 i 4500
003 - CONTROL NUMBER IDENTIFIER
control field OSt
005 - DATE AND TIME OF LATEST TRANSACTION
control field 20240702162654.0
008 - FIXED-LENGTH DATA ELEMENTS--GENERAL INFORMATION
fixed length control field 231127e196408 maua b 001 0 eng
020 ## - INTERNATIONAL STANDARD BOOK NUMBER
International Standard Book Number 9780262620017
Qualifying information (hardcover)
042 ## - AUTHENTICATION CODE
Authentication code pcc
043 ## - GEOGRAPHIC AREA CODE
Geographic area code n-us---
082 04 - DEWEY DECIMAL CLASSIFICATION NUMBER
Classification number 711.40973
100 1# - MAIN ENTRY--PERSONAL NAME
Personal name Lynch, Kevin,
Dates associated with a name 1918-1984,
Relator term author.
245 14 - TITLE STATEMENT
Title The image of the city /
Statement of responsibility, etc Kevin Lynch
300 ## - PHYSICAL DESCRIPTION
Extent vii, 194 pages :
Other physical details illustrations ;
Dimensions 21 cm
504 ## - BIBLIOGRAPHY, ETC. NOTE
Bibliography, etc Includes bibliographical references (pages 182-186) and index.
541 ## - IMMEDIATE SOURCE OF ACQUISITION NOTE
Method of acquisition Gift;
Source of acquisition American Institute of Architects / American Architectural Foundation;
Date of acquisition 2010;
Accession number (DLC/PP-2010:100)
650 #0 - SUBJECT ADDED ENTRY--TOPICAL TERM
Topical term or geographic name as entry element City planning
Geographic subdivision United States.
942 ## - ADDED ENTRY ELEMENTS (KOHA)
Source of classification or shelving scheme
Holdings
Withdrawn status Lost status Source of classification or shelving scheme Damaged status Koha normalized classification for sorting Not for loan Permanent location Current location Date acquired Source of acquisition Cost, normal purchase price Total Checkouts Full call number Barcode Date last seen Date last borrowed Cost, replacement price Price effective from Koha item type
        711_409_000000000000000_LYN   BMS College of Architecture, Design and Planning BMS College of Architecture, Design and Planning 2024-07-02 1 1877.03 3 [711.409 LYN] AR-UG4039 2025-10-29 2025-08-28 2502.70 2024-07-02 B.PLAN
        711_409_000000000000000_LYN   BMS College of Architecture, Design and Planning BMS College of Architecture, Design and Planning 2024-07-02 1 1877.03 5 [711.409 LYN] AR-UG4038 2025-12-08 2025-12-08 2502.70 2024-07-02 B.PLAN
Copyright © 2025, The Librarian, Library and Information Centre, BMSCA D&P, Bengaluru. All Rights Reserved
web counter

Powered by Koha